000 00544nam a2200181Ia 4500
003 GCL
008 140319s9999 xx 000 0 ara d
040 _aGCL /
_cGCL
082 0 4 _a250
_bت س
100 1 _aتوفيق الشاوى
245 1 0 _aسيادة الشريعة الاسلامية فى مصر /
_cتوفيق الشاوى
260 _a[S.N] :
_bالزهراء للاعلام العربى ،
_c1981
300 _a129 ص
490 _a
650 0 4 _aالاسلام
650 0 4 _aالشريعة الاسلامية
942 _2ddc
_cBK
999 _c51043
_d51043